02719nam a2200277 a 4500003000400000005001700004007001500021008004100036040000800077100003500085245018900120264004300309300006100352336002700413337002900440338003900469502003400508504005900542520156100601650004702162650002902209650002902238700003502267700006202302856007702364OSt20260210131125.0cr ||||||a|c|a240212s2020 mx a|||fom||| 001 0 spa d erda1 aGómez Mendez, Martha Daniela10aInclusión de suero de leche en dietas para cerdos al destete /cpor Martha Daniela Gómez Mendez y Leonardo Daniel Paredes Reyes; director de tesis José Ma. Fernando Copado Bueno. 1aChapingo, México :bEl autor,c2020. a1 recurso en línea ( 86 páginas):bcuadros, figuras. 2rdacontentatextobtxt 2rdamediaacomputadorabc 2rdacarrierarecurso en líneabcr bIAEZcZootecníad2020.gLIC aIncluye referencias bibliográficas: páginas 62-67. aEl experimento se realizó en una unidad de producción porcina de la comunidad Las Vigas de Ramírez, Veracruz. Los objetivos fueron: Probar la inclusión de suero de leche al 50 y 75% con base en el consumo de agua por día en cerdos al destete, estimar la ganancia diaria de peso (GDP), y evaluar las diferencias entre tratamientos para justificar la inclusión de suero de leche en la dieta para cerdos al destete. Se utilizaron 36 lechones de cuarenta y cinco días de edad con un peso vivo (PV) entre 7 y 12 kg. Los tratamientos fueron tres: sin suero de leche más concentrado comercial (T1), 50% suero de leche con base en el consumo de agua por día más concentrado (T2) y 75% suero de leche con base en el consumo de agua por día más concentrado (T3). Los lechones fueron asignados al azar en grupos de seis animales, asignando un tratamiento a dos grupos. Para el T1 se realizaron siete pesajes que se registraron en el día 0,15, 36, 57, 76, 96 y 131. Para el caso de los tratamientos dos y tres, se registraron seis pesajes en los días 0, 24, 45, 64, 84, 119. Los pesos obtenidos fueron analizados como un diseño completamente al azar con mediciones repetidas en el tiempo y se encontró diferencias significativas (p<0.0001) entre los tratamientos, así como también existieron diferencias significativas para días a mercado entre los tratamientos (p<0.0001). Para el análisis de GDP se usó el mismo método estadístico y se observaron diferencias significativas entre los tratamientos por periodo (p<0.0001). 4aSuero de leche como suplemento dietético 7aLechonesxAlimentación 4aSuplementos dietéticos1 aParedes Reyes, Leonardo Daniel1 aCopado Bueno, José María FernandoeDirector de tesis. uhttp://10.13.5.2/tesis/tl/Gomez_Mendez_Martha_Daniela.pdfzDESCARGAR PDF